MARC details
| 000 -CABECERA |
| campo de control de longitud fija |
01291nam a2200301 a 4500 |
| 001 - NÚMERO DE CONTROL |
| campo de control |
000028659 |
| 003 - IDENTIFICADOR DEL NÚMERO DE CONTROL |
| campo de control |
DO-SdBNP |
| 005 - FECHA Y HORA DE LA ÚLTIMA TRANSACCIÓN |
| campo de control |
20240312192125.0 |
| 008 - DATOS DE LONGITUD FIJA--INFORMACIÓN GENERAL |
| campo de control de longitud fija |
110411s2010 dr ao r 000 0 spa d |
| 020 ## - NÚMERO INTERNACIONAL ESTÁNDAR DEL LIBRO |
| Número Internacional Estándar del Libro |
9789945443622 |
| 040 ## - FUENTE DE LA CATALOGACIÓN |
| Centro catalogador/agencia de origen |
DO-SdBNP |
| Lengua de catalogación |
spa |
| Centro/agencia transcriptor |
BNPHU |
| 082 #4 - NÚMERO DE LA CLASIFICACIÓN DECIMAL DEWEY |
| Número de clasificación |
737.074 |
| Número de documento/Ítem |
B213e |
| Número de edición |
22 |
| 110 1# - ENTRADA PRINCIPAL--NOMBRE DE ENTIDAD CORPORATIVA |
| Nombre de entidad corporativa o nombre de jurisdicción como elemento de entrada |
Banco Central de la República Dominicana |
| Unidad subordinada |
Departamento Cultural |
| 9 (RLIN) |
7006 |
| 245 10 - MENCIÓN DE TÍTULO |
| Título |
Exposiciones temporales en el Museo Numismático y Filatélico / |
| Mención de responsabilidad, etc. |
presentacin Héctor Valdez Albizu. |
| 260 ## - PUBLICACIÓN, DISTRIBUCIÓN, ETC. |
| Lugar de publicación, distribución, etc. |
Santo Domingo : |
| Nombre del editor, distribuidor, etc. |
Banco Central de la República Dominicana, |
| Fecha de publicación, distribución, etc. |
2010. |
| 300 ## - DESCRIPCIÓN FÍSICA |
| Extensión |
399 p. : |
| Otras características físicas |
il., retrs. |
| Dimensiones |
23 cm. |
| 490 ## - MENCIÓN DE SERIE |
| Mención de serie |
Banco Central de la República Dominicana ; |
| Designación de volumen o secuencia |
159 |
| 490 ## - MENCIÓN DE SERIE |
| Mención de serie |
Numismática y filatélica ; |
| Designación de volumen o secuencia |
12 |
| 500 ## - NOTA GENERAL |
| Nota general |
Incluye referencias bibliográficas y notas al pie de las páginas |
| 504 ## - NOTA DE BIBLIOGRAFÍA, ETC. |
| Nota de bibliografía, etc. |
Bibliografía : p. 399 |
| 590 ## - NOTA LOCAL (RLIN) |
| Nota local |
Inventariado, 2021/MFF |
| 610 20 - PUNTO DE ACCESO ADICIONAL DE MATERIA--NOMBRE DE ENTIDAD CORPORATIVA |
| Nombre de entidad corporativa o nombre de jurisdicción como elemento de entrada |
Museo Numismático y Filatélico del Banco Central (Banco Central de la República Dominicana) |
| 9 (RLIN) |
56846 |
| 650 #4 - PUNTO DE ACCESO ADICIONAL DE MATERIA--TÉRMINO DE MATERIA |
| Término de materia o nombre geográfico como elemento de entrada |
Numismática |
| Subdivisión de forma |
Exposiciones |
| 9 (RLIN) |
78519 |
| 650 #4 - PUNTO DE ACCESO ADICIONAL DE MATERIA--TÉRMINO DE MATERIA |
| Término de materia o nombre geográfico como elemento de entrada |
Sellos postales |
| Subdivisión de forma |
Exposiciones |
| 9 (RLIN) |
78520 |
| 830 #0 - PUNTO DE ACCESO ADICIONAL DE SERIE-TÍTULO UNIFORME |
| Título uniforme |
Banco Central de la República Dominicana ; |
| Número de parte o sección de la obra |
159 |
| Nombre de parte o sección de la obra |
Numismática y filatélica; 12 |
| 9 (RLIN) |
55625 |
| 900 ## - ELEMENTOS DE DATOS A LOCAL, LDA (RLIN) |
| Nombre de persona |
Validado. Control de calidad MFF |
| 942 ## - ELEMENTOS DE PUNTO DE ACCESO ADICIONAL (KOHA) |
| Fuente del sistema de clasificación o colocación |
Dewey Decimal Classification |
| Tipo de ítem Koha |
Libro |